| 000 | 00431nam a2200169Ia 4500 | ||
|---|---|---|---|
| 005 | 20250603144748.0 | ||
| 008 | 250603s9999 xx 000 0 und d | ||
| 020 | _a9789784826372 | ||
| 050 | _aPR 468 .C85/ | ||
| 245 | 0 | _aCultural renaissance and national development in the 21st century | |
| 260 | _aAbuja | ||
| 260 | _bRoots books Journals Nig. Ltd. | ||
| 260 | _c2008 | ||
| 300 | _a282 p | ||
| 650 | _aAbuja | ||
| 942 | _cBK | ||
| 999 |
_c39877 _d39877 |
||